The Life and Times of Goya /

Guardado en:
Detalles Bibliográficos
Autor principal: Goya, Francisco de (pintor)
Otros autores: Lepore, Mario (texto) (texto)
Formato: Libro
Idioma:Inglés
Publicado: Londres, Inglaterra : Paul Hamlyn, 1967, c1967
Temas:
Etiquetas: Agrega una etiqueta
Sin etiquetas, Sé el primero en etiquetar este registro!

MARC

LEADER 00000nam^a2200000^a^4500
001 000330395
005 20250521000000.0
009 20260310114002.975
025 |a Donación Robles Martínez, 1 ejemplar 
037 |a Acervo ITESO - Biblioteca 
041 |a ING 
082 |a 759. 6  |b GOY LEP 
100 |a Goya, Francisco de  |e (pintor) 
245 1 4 |a The Life and Times of Goya /  |c F. de Goya ; texto de M. Lepore. 
264 4 |a Londres, Inglaterra :  |b Paul Hamlyn,  |c 1967, c1967 
300 |a 75 p. 
336 |a texto  |b txt  |2 rdacontenido 
337 |a sin mediación  |b n  |2 rdamedio 
338 |a volumen  |b nc  |2 rdasoporte 
545 0 |a Francisco de Goya (1746-1828), creador de una obra fuertemente anclada en el espíritu de la Ilustración y, a la vez, calificado como el primer pintor moderno. Su estética expresa la transición pictórica del siglo XVIII al XIX. Es autor de una obra que combina una gran calidad e innovación estética, con un fuerte sentido crítico de su época, al punto que algunas de sus series (Los desastres de la guerra y Los levantamientos del 2 de mayo), pueden ser considerados como verdaderos testimonios del momento. Le pertenecen títulos tan emblemáticos del arte universal como La maja desnuda y La maja vestida, El quitasol, Los zancos, La familia de Carlos IV, las Pinturas negras, El guitarrista ciego y La lechera de Burdeos, por citar unos pocos. 
649 |a XX 
650 |a Pintores Españoles 
650 |a Artistas Españoles 
650 |a Ilustración (Filosofía) -  |z España 
650 |a Pintura Neoclásica -  |x Historia y Crítica 
650 |a Pintura Moderna -  |x Historia y Crítica 
650 |a Pintura Española -  |x Historia y Crítica 
650 |a Arte Neoclásico -  |x Historia y Crítica 
650 |a Arte Moderno -  |x Historia y Crítica 
650 |a Arte Español -  |x Historia y Crítica 
650 |a Goya, Francisco de -  |x Tema Principal 
700 |a Lepore, Mario  |e (texto) 
910 |a Fondo Robles Martínez 
920 |a Impresos - Libros 
930 |a Fondos Especiales 
905 |a 123 
901 |a 0500216733  |b IT2  |c ESP  |i D  |u 20250521 
902 |a https://opac.biblio.iteso.mx/vufind/Record/000330395